000 00310 a2200145 4500
001 181594
020 _a
040 _cMagnum
100 _a-
240 1 0 _aJunji o pequeno samurai/edelbra
_lpor
245 1 0 _aJunji o pequeno samurai/edelbra
362 0 _a1899
697 _aMAGNITO: IJ/GERAL
942 _cBK
999 _c181594
_d181594